LEADER 00961nam a2200241 i 4500 001 000000164667 003 CaOOAMICUS 005 20070921000000.0 008 070921s1976 it u000 u ita u 013 $a142035 040 $aSeMil$bita 100 1 $aRenzi, Lorenzo,$d<1939- >.$0(OLS)http://semarc/name/62206 245 10$aIntroduzione alla filologia romanza /$cLorenzo Renzi. 260 $aBologna :$bIl Mulino,$ccopyr. 1976. 300 $a263 p. ;$c21 cm. 490 0 $aStudi linguistici e semiologici ;$v6 650 4$aFilologia romanza.$0(OLS)http://semarc/subject/8825 830 0$aStudi linguistici e semiologici ;$v6.$0(OLS)http://semarc/title/24274 850 $aSeMil 852 $aSeMil$W1$xVenegono$y1$m1P II 24$j248434$B115898$CSeMilBibl$Z2$F126725 $81 961 $aRecupero: Altro 996 $6245$aIntroduzione alla filologia romanza$9(OLS)http://semarc/title/206979 996 $6260$aBologna :$bIl Mulino$9(OLS)http://semarc/publisher/29842 LEADER 00729nam a2200205 i 4500 001 000000257403 003 CaOOAMICUS 005 20180226000000.0 008 180226s1829 it u000 u ita u 013 $a236311 026 $aseli 2.la mein nodi (7) 1829 (A) 040 $aSeMil$bita 245 10$aVol. 2. 300 $a324 p. 773 0 $aHallam, Henry$tEuropa nel Medio Evo fatta italiana su l'inglese di Arrigo Hallam per M. Leoni. Volume 1. [-5.].$dLugano : Presso G. Ruggia e C., 1829-1831.$g2$w()4744 850 $aSeMil 852 $aSeMil$W1$xVenegono$y1$m3T IV 101 FA$j207749$B207749$CSeMilBibl$Z2$F221264 $8I 941 1 $a10 961 $aRecupero: Mantegazza 996 $6245$aVol. 2$9(OLS)http://semarc/title/13458